Thách đố của thế kỷ XXI liên kết tri thức = Le défi du XXI siecle Reilier les Connaissances

Enregistré dans:
Détails bibliographiques
Auteur principal: Morin, Edgar
Format: Livre
Langue:Undetermined
Publié: Hà Nội Đại học Quốc gia 2005
Sujets:
Tags: Ajouter un tag
Pas de tags, Soyez le premier à ajouter un tag!
Thư viện lưu trữ: Trung tâm Học liệu Trường Đại học Cần Thơ
LEADER 00659nam a2200205Ia 4500
001 CTU_92350
008 210402s9999 xx 000 0 und d
020 |c 85000 
082 |a 001 
082 |b M858 
100 |a Morin, Edgar 
245 0 |a Thách đố của thế kỷ XXI liên kết tri thức = 
245 0 |b Le défi du XXI siecle Reilier les Connaissances 
245 0 |c Edgar Morin ; Chu Tiến Ánnh, Vương Toàn dịch 
260 |a Hà Nội 
260 |b Đại học Quốc gia 
260 |c 2005 
650 |a Knowledge,Education 
904 |i Năm(Tuyen) 
980 |a Trung tâm Học liệu Trường Đại học Cần Thơ